| 000 | 00588nam a2200193 a 4500 | ||
|---|---|---|---|
| 005 | 20230524064143.0 | ||
| 008 | 010621s19921999 r 000 0 eng d | ||
| 020 | _a8420635359 | ||
| 035 | _aUPN01000108756 | ||
| 049 | _aCG | ||
| 050 | 4 |
_aBL782 _bG2.5 |
|
| 100 | 1 |
_aGarcía Gual, Carlos, _d1943- |
|
| 245 | 1 | 0 |
_aIntroducción a la mitología griega / _cCarlos García Gual. |
| 260 |
_aMadrid : _bAlianza, _c1992 (1999 impr.). |
||
| 300 | _a274 p. | ||
| 440 | 3 |
_aEl libro de bolsillo. _pHumanidades : religión y mitología ; _v4102 |
|
| 650 | 4 |
_aMitología griega _99574 |
|
| 905 | _aLibro | ||
| 999 |
_c82667 _d82667 |
||